Sain sunehray ghallay` (Record no. 525145)

000 -LEADER
fixed length control field 00397nam a22001577a 4500
003 - CONTROL NUMBER IDENTIFIER
control field NUST
005 - DATE AND TIME OF LATEST TRANSACTION
control field 20190628071100.0
008 - FIXED-LENGTH DATA ELEMENTS--GENERAL INFORMATION
fixed length control field 190628b ||||| |||| 00| 0 eng d
038 ## - RECORD CONTENT LICENSOR
Staff Name Azhar
082 ## - DEWEY DECIMAL CLASSIFICATION NUMBER
Classification number 891.421
Author Mark MAL
100 ## - MAIN ENTRY--PERSONAL NAME
Relator code Azam Malik
245 ## - TITLE STATEMENT
Title Sain sunehray ghallay`
Remainder of title punjabi poetry by Azam Malik
260 ## - PUBLICATION, DISTRIBUTION, ETC.
Place of publication, distribution, etc. Lahore
Name of publisher, distributor, etc. Sanjh publications
Date of publication, distribution, etc. 2017
300 ## - PHYSICAL DESCRIPTION
Extent 112p
942 ## - ADDED ENTRY ELEMENTS (KOHA)
Source of classification or shelving scheme
Koha item type Book
Holdings
Withdrawn status Lost status Source of classification or shelving scheme Damaged status Not for loan Permanent Location Current Location Shelving location Date acquired Total Checkouts Full call number Barcode Date last seen Price effective from Koha item type
          Central Library (CL) Central Library (CL) Punjabi Literature 06/28/2019   891.421 MAL CL-E-956 06/28/2019 06/28/2019 Book
© 2023 Central Library, National University of Sciences and Technology. All Rights Reserved.